000
00347nam a2200145Ia 4500
008
230718s9999 xx 000 0 und d
041
_a
Eng.
082
_a
340.59
_b
WAS-P
100
_a
Waseer M. Nawaz
245
0
_a
principles of Muhammdan Law
260
_a
Pakistan
_b
Irfan law book house
_c
2008
300
_a
346
650
_a
Law
999
_c
27814
_d
27814